Central Library OPAC University of Rajshahi

Worlds together, worlds apart : (Record no. 28778)

MARC details
000 -LEADER
fixed length control field 00951nam a2200289 a 4500
001 - CONTROL NUMBER
control field 28778
003 - CONTROL NUMBER IDENTIFIER
rucl marc code BD-RjUL
005 - DATE AND TIME OF LATEST TRANSACTION
control field 20211209051327.0
008 - FIXED-LENGTH DATA ELEMENTS--GENERAL INFORMATION
fixed length control field 140331s2008 nyuab b 001 0 eng
020 ## - INTERNATIONAL STANDARD BOOK NUMBER
International Standard Book Number 9780393925470 (hbk.)
International Standard Book Number 0393925471 (hbk.)
035 ## - SYSTEM CONTROL NUMBER
System control number (OCoLC)ocn213495360
System control number (BD-RjUL)28860
040 ## - CATALOGING SOURCE
Original cataloging agency DLC
Transcribing agency DLC
Modifying agency YDX
-- BAKER
-- YDXCP
-- DLC
-- BD-RjUL
Language of cataloging eng
041 ## - LANGUAGE CODE
Language code of text/sound track or separate title eng
082 00 - DEWEY DECIMAL CLASSIFICATION NUMBER
Classification number 909
Edition number 22
Author mark and year WOR 2008
245 00 - TITLE STATEMENT
Title Worlds together, worlds apart :
Remainder of title a history of the world from the beginnings of humankind to the present /
Statement of responsibility, etc. Robert Tignor ... [et al.].
250 ## - EDITION STATEMENT
Edition statement 2nd ed.
260 ## - PUBLICATION, DISTRIBUTION, ETC. (IMPRINT)
Place of publication, distribution, etc. New York :
Name of publisher, distributor, etc. W.W. Norton,
Date of publication, distribution, etc. c2008.
300 ## - PHYSICAL DESCRIPTION
Pagination xl, 960, A68 p. :
Illustrations ill. (some col.), col. maps ;
Size 29 cm.
504 ## - BIBLIOGRAPHY, ETC. NOTE
Bibliography, etc Includes bibliographical references and index.
650 #0 - SUBJECT ADDED ENTRY--TOPICAL TERM
Topical term or geographic name as entry element World history.
9 (RLIN) 88019
700 1# - ADDED ENTRY--PERSONAL NAME
Personal name Tignor, Robert L.
942 ## - ADDED ENTRY ELEMENTS (KOHA)
Source of classification or shelving scheme Dewey Decimal Classification
Koha item type Books
Holdings
Lost status Source of classification or shelving scheme Damaged status Not for loan Collection code Permanent Location Current Location Shelving location Date acquired Source of acquisition Total Checkouts Full call number Date last seen Copy number Koha item type
  Dewey Decimal Classification     Non-fiction Central Library, University of Rajshahi Central Library, University of Rajshahi Reading Room 26/10/2013 Rajshahi, R. U. C. L., Gift.   R 909 WOR 2008 31/03/2014 C-1 Books